01713nam a22002537a 450000500170000000800410001702000150005804000070007304100080008008200230008810000270011124500610013826000400019930000260023936500240026552008510028965000160114065000190115665000230117570000290119894200120122799900190123995202010125820211026150423.0211026b ||||| |||| 00| 0 eng d a8170493137 cAL aeng 223a297.1226bWARW aIbn Warraq Ed Tr91853 aWhat the Koran Really Says: Language Text and Commentary aNew DelhibManas Publicarionsc2006 a782 p.bHBc26x16 cm. b995.00c₹d995.00 aIslam Has Worldwide Influence, And Even In The United States Is Experiencing A Period Of Unprecedented Growth. Islam And Its Sacred Book, The Koran, Have Been The Subject Of Voluminous Commentary And, Recently, Great Popular Interest; Yet It Has Rarely Received The Kind Of Objective Critical Scrutiny That Has Been Applied To The Texts Of The Bible For More Than A Century.Though Some Scholars Of Note Have Raised Crucial Questions About The Authenticity And Reliability Of The Koran And Muslim Tradition, Koranic Studies By And Large Have Failed To Take Advantage Of Critical Skeptical Methodologies. Today The Majority Of Interpreters Of Islam S Sacred Text Appear Content To Lie In The Procrustean Bed Prepared By Muslim Tradition More Than A Thousand Years Ago.uhttp://ge.bartolomejkrupa.xyz/download/QbZBD-lEkJEC-what-the-koran-really-says aIslam91854 aReligion91855 aKoran: Quran91856 aWARRAQ (Ibn) Ed Tr91857 2ddccGF c216707d216707 00102ddc40708OTHaALbALd2013-10-24l1o297.1226 WARWpGF01049r2022-02-11 00:00:00s2021-12-07uhttp://ge.bartolomejkrupa.xyz/download/QbZBD-lEkJEC-what-the-koran-really-saysw2021-10-26yGF